Le Japon en images - Statistiques

Statistiques générales
  • Ce quiz a été pris 21 111 fois
  • Le résultat moyen est 12 sur 18
Statistiques - réponses
Par images Hint Réponse % Correct
Spécialité Sushi
99%
Sport Sumo
98%
Entreprise Toyota
96%
Licence Pokémon
95%
Montagne Mont Fuji
93%
Spécialité Rāmen
86%
Ville Hiroshima
85%
Alcool Saké
85%
Vêtement Kimono
79%
Ville Kyoto
69%
Mafia Yakuzas
69%
Film Le Voyage de Chihiro
60%
Système d'écriture Kanjis
44%
Religion Shintoïsme
39%
Empereur Hiro-Hito
35%
Ile Hokkaido
34%
Artiste Hokusai
25%
Homme politique Shinzō Abe
21%
Aucun quiz correspondant
Distribution des résultats
% des personnes avec chaque résultat
Percentile par nombre de réponses
Votre historique - résultats
Vous n’avez pas pris ce quiz